000 00355nam a2200169Ia 4500
100 _aPalmer/Stephen/ Cooper/C
650 _aStress
942 _cBK
366 _f20
654 _astress
245 _aHow to deal with stress
260 _bKogan Page
_c2007
082 _a808.83
_bPAL
300 _a211
546 _aENGLISH
_cComputers
999 _c22181
_d22181